header

One-dimensional superconductivity in nanowires (Record no. 32181)

MARC details
000 -LEADER
fixed length control field 01393nam a2200337 a 4500
082 04 - DEWEY DECIMAL CLASSIFICATION NUMBER
Classification number 668.3
100 1# - MAIN ENTRY--AUTHOR NAME
Personal name Altomare, Fabio.
245 10 - TITLE STATEMENT
Title One-dimensional superconductivity in nanowires
260 ## - PUBLICATION, DISTRIBUTION, ETC. (IMPRINT)
Place of publication Weinheim, Germany :
Name of publisher Wiley-VCH,
Year of publication 2013.
300 ## - PHYSICAL DESCRIPTION
Number of Pages xxxvi, 307 p., 16 plates (some col.) :
Other physical details ill. (some col.)
505 0# - FORMATTED CONTENTS NOTE
Formatted contents note pt. 1. Theoretical aspects of Superconductivity in 1D nanowires -- pt. 2. Review of experiments on 1D superconductivity.
650 #0 - SUBJECT ADDED ENTRY--TOPICAL TERM
Topical Term Nanowires.
Topical Term Superconductivity.
700 1# - ADDED ENTRY--PERSONAL NAME
Personal name Chang, Albert M.
856 40 - ELECTRONIC LOCATION AND ACCESS
Uniform Resource Identifier http://site.ebrary.com/lib/rucke/Doc?id=10682389

No items available.

© 2026 Rongo University
Contact us: librarian | system librarian | Rongo university